Т.1: Электромобили зарубежные; Автомобилестроение

Detaylı Bibliyografya
Parent link:Автомобилестроение/ Академия наук СССР (АН СССР), Всесоюзный институт научной и технической информации (ВИНИТИ). Т.1: Электромобили зарубежные.— , 1973-
Yazar: Ставров О. А.
Dil:Rusça
Baskı/Yayın Bilgisi: 1973
Konular:
Materyal Türü: MixedMaterials Kitap
KOHA link:https://koha.lib.tpu.ru/cgi-bin/koha/opac-detail.pl?biblionumber=86638

MARC

LEADER 00000nam2a2200000 4500
001 86638
005 20231031101700.0
035 |a (RuTPU)RU\TPU\book\93037 
090 |a 86638 
100 |a 20051128d1973 m y0rusy50 ca 
101 0 |a rus 
102 |a RU 
105 |a a z 001zy 
200 0 |a Т.1: Электромобили зарубежные  |f О. А. Ставров 
210 |d 1973 
215 |a 264 с.  |c ил. 
320 |a Библиогр.: с. 256-262. 
461 1 |0 (RuTPU)RU\TPU\book\93569  |t Автомобилестроение  |f Академия наук СССР (АН СССР), Всесоюзный институт научной и технической информации (ВИНИТИ)  |v Т.1: Электромобили зарубежные  |d 1973-   |s Автомобилестроение 
610 1 |a автомобилестроение 
610 1 |a автомобили 
610 1 |a электромобили 
610 1 |a зарубежные страны 
610 1 |a применение 
610 1 |a образцы 
610 1 |a источники тока 
610 1 |a аккумуляторы 
675 |a 629.113  |v 3 
700 1 |a Ставров  |b О. А. 
801 1 |a RU  |b 63413507  |c 20051128  |g PSBO 
801 2 |a RU  |b 63413507  |c 20111212  |g PSBO 
942 |c BK